000 00785nam a22002297a 4500
005 20140804151000.0
010 _aENG-110169
020 _a9789382059080
_c395.00
035 _aEN-93701
035 _aB-504796-797
037 _bDBAD/PUB
037 _bK.K.Pub/Ven
_adpl
082 _a303.6609171241
245 _aPeace and democratic society /
_cedited by Amartya Sen
260 _aNew Delhi
_bSynergy Books India
_c2012
270 _a24/4800 Ansari Road, Darya Ganj
_bNew Delhi
_e110002
300 _a155p.
_c24cm(Hb)
500 _aIncludes bibliographical references and index
700 _aSen, Amartya
942 _2ddc
_cEN
_mPEA
_h303.6609171241
999 _c84954
_d84954